00829nam a2200169 4500001000700000003000900007005001700016007000300033008004100036100003900077245035000116260006700466300002100533500004600554710003300600852002600633140257ES-MaACL20240203062548.0t|070214s1913 sp r ||||1| spa d1 aSegovia y Pérez, José María.10aAlgunos datos para el estudio de los equínidos en general y particularmente de los géneros y especies que de los mismos se han recogido y figuran en las colecciones de la Estación de Biología Marítima de Santander b: memoria presentada para aspirar al grado de Doctor en Ciencias Naturales / cpor José María de Segovia y Pérez. aMadrid : b[s. n.], c1913 (fEst. Tip. de los Hijos de Tello) a39 p. ; c24 cm. aTesis doctoral de la Universidad Central.2 aUniversidad Central (Madrid) aES-MaACLjT-1369-F-10